Ensayos sobre la economía de la Ciudad de México/ (Registro nro. 102786)

Detalles MARC
000 -LEADER
campo de control de longitud fija 01461nam a2200397 i 4500
001 - NÚMERO DE CONTROL
campo de control MOR01000103113
003 - IDENTIFICADOR DE NÚMERO DE CONTROL
campo de control $$amxcmmo
005 - FECHA Y HORA DE LA ÚLTIMA TRANSACCIÓN
campo de control 20260331230653.0
008 - DATOS DE LONGITUD FIJA--INFORMACIÓN GENERAL
campo de control de longitud fija 160810s1992 cmma g b 000 0 spa d
020 ## - NÚMERO INTERNACIONAL ESTÁNDAR DEL LIBRO
Número Internacional Estándar del Libro 9686524282
035 ## - NÚMERO DE CONTROL DEL SISTEMA
Número de control de sistema 161345
040 ## - FUENTE DE CATALOGACIÓN
Centro catalogador/agencia de origen mxcmmo
Lengua de catalogación spa
Centro/agencia transcriptor mxcmmo
Normas de descripción rda
041 0# - CÓDIGO DE IDIOMA
Código de lengua del texto/banda sonora o título independiente spa
043 ## - CÓDIGO DE ÁREA GEOGRÁFICA
Código de área geográfica n-mx-df
045 ## - PERIODO DE TIEMPO DEL CONTENIDO
Código de periodo de tiempo x8x9
082 04 - NÚMERO DE LA CLASIFICACIÓN DECIMAL DEWEY
Número de clasificación 330.97253
Número de ítem ENS.s
245 00 - MENCIÓN DEL TÍTULO
Título Ensayos sobre la economía de la Ciudad de México/
Mención de responsabilidad, etc. Ricardo Samaniego Breach, compilador; Sergio Sánchez García [y otros]
250 ## - MENCION DE EDICION
Mención de edición Primera edición
264 #1 - PRODUCCIÓN, PUBLICACIÓN, DISTRIBUCIÓN, FABRICACIÓN Y COPYRIGHT
Producción, publicación, distribución, fabricación y copyright México:
Nombre del de productor, editor, distribuidor, fabricante Pórtico de la Ciudad de México,
Fecha de producción, publicación, distribución, fabricación o copyright 1992
300 ## - DESCRIPCIÓN FÍSICA
Extensión xxx, 302 páginas:
Otras características físicas gráficas;
Dimensiones 23 cm
336 ## - TIPO DE CONTENIDO
Término de tipo de contenido texto
Código de tipo de contenido txt
Fuente rdacontent
337 ## - TIPO DE MEDIO
Nombre/término del tipo de medio sin medio
Código del tipo de medio n
Fuente rdamedia
338 ## - TIPO DE SOPORTE
Nombre/término del tipo de soporte volumen
Código del tipo de soporte nc
Fuente rdacarrier
504 ## - NOTA DE BIBLIOGRAFÍA, ETC.
Nota de bibliografía, etc. Nota Incluye referencias bibliográficas
650 #7 - PUNTO DE ACCESO ADICIONAL DE MATERIA--TÉRMINO DE MATERIA
Término de materia o nombre geográfico como elemento de entrada México (D.F.)
Subdivisión general Condiciones económicas
Subdivisión cronológica 1988-1994
Subdivisión general Alocuciones, ensayos, conferencias
9 (RLIN) 182719
650 #7 - PUNTO DE ACCESO ADICIONAL DE MATERIA--TÉRMINO DE MATERIA
Término de materia o nombre geográfico como elemento de entrada México (D.F.)
Subdivisión general Política y gobierno
Subdivisión cronológica 1988-1994
Subdivisión general Alocuciones, ensayos, conferencias
9 (RLIN) 182720
700 1# - ENTRADA AGREGADA--NOMBRE PERSONAL
Nombre de persona Samaniego Breach, Ricardo
Término indicativo de función/relación compilador
9 (RLIN) 182721
700 1# - ENTRADA AGREGADA--NOMBRE PERSONAL
Nombre de persona Sánchez García, Sergio
Término indicativo de función/relación autor
9 (RLIN) 182722
900 ## - ELEMENTOS DE DATOS A LOCAL, LDA (RLIN)
Nombre de persona CECY
Numeración 30
Títulos y otros términos asociados al nombre 20160822
Lenguaje de la obra MOR01
-- 1227
900 ## - ELEMENTOS DE DATOS A LOCAL, LDA (RLIN)
Nombre de persona KLASY
Numeración 30
Títulos y otros términos asociados al nombre 20161005
Lenguaje de la obra MOR01
-- 1532
900 ## - ELEMENTOS DE DATOS A LOCAL, LDA (RLIN)
Nombre de persona LUIS
Numeración 20
Títulos y otros términos asociados al nombre 20160810
Lenguaje de la obra MOR01
-- 1342
900 ## - ELEMENTOS DE DATOS A LOCAL, LDA (RLIN)
Nombre de persona LUIS
Numeración 20
Títulos y otros términos asociados al nombre 20160810
Lenguaje de la obra MOR01
-- 1342
900 ## - ELEMENTOS DE DATOS A LOCAL, LDA (RLIN)
Nombre de persona VOBO
Numeración 40
Títulos y otros términos asociados al nombre 20170110
Lenguaje de la obra MOR01
-- 1218
904 ## - ELEMENTOS DE DATOS D LOCAL, LDD (RLIN)
a UPDATE
942 ## - ELEMENTOS DE ENTRADA SECUNDARIOS (KOHA)
Código de la institución [OBSOLETO] BK
901 ## - ELEMENTOS DE DATOS A LOCAL LDA (RLIN)
a batch batch
Existencias
Estatus retirado Estado de pérdida Fuente del sistema de clasificación o colocación Estado de daño No para préstamo Colección Biblioteca de origen Biblioteca actual Ubicación en estantería Fecha de adquisición Fuente de adquisición Número de inventario Total de préstamos Signatura topográfica completa Código de barras Visto por última vez Precio de reemplazo Tipo de ítem Koha
    Clasificación Decimal Dewey     Libros (General) Biblioteca Instituto Mora Biblioteca Instituto Mora Regular 22/08/2016   129945   (G)/330.97253 ENS.s 33068001351822 03/09/2024 03/09/2024 Libro préstamo regular